000
00237nam a2200085Ia 4500
008
170620s9999 xx 000 0 und d
100
_a
Rao- Digumarti Bhaskara
245
0
_a
Educational Administration
260
_b
New Delhi- Discovery Publishing House
260
_c
2006
999
_c
24336
_d
24336